| 000 | 01128cam a2200337 i 4500 | ||
|---|---|---|---|
| 001 | 21045215 | ||
| 005 | 20250328123250.0 | ||
| 008 | 190628s2019 nyuab c 000 1 eng | ||
| 020 |
_a9781338214512 _q(hardcover) |
||
| 050 | 0 | 0 |
_aPZ7.S96694 _bPo 2019 |
| 082 | 0 | 4 |
_a813.6 _a[Fic] _223 |
| 100 | 1 |
_aSutherland, Tui, _d1978- _eauthor. |
|
| 245 | 1 | 4 |
_aThe poison jungle / _cby Tui T. Sutherland ; [map and border design by by Mike Schley ; dragon illustrations by Joy Ang]. |
| 300 |
_a301 pages : _billustrations, map ; _c22 cm. |
||
| 650 | 0 |
_aDragons _vJuvenile fiction. |
|
| 650 | 0 |
_aMagic _vJuvenile fiction. |
|
| 650 | 0 |
_aSecrecy _vJuvenile fiction. |
|
| 650 | 0 |
_aRevenge _vJuvenile fiction. |
|
| 650 | 0 |
_aGood and evil _vJuvenile fiction. |
|
| 650 | 0 | _aAdventure stories. | |
| 650 | 1 |
_aDragons _vFiction. |
|
| 650 | 1 |
_aMagic _vFiction. |
|
| 650 | 1 |
_aSecrets _vFiction. |
|
| 650 | 1 |
_aRevenge _vFiction. |
|
| 650 | 1 |
_aGood and evil _vFiction. |
|
| 650 | 1 |
_aAdventure and adventurers _vFiction. |
|
| 650 | 1 | _aFantasy. | |
| 700 | 1 |
_aSchley, Mike, _eillustrator. |
|
| 700 | 1 |
_aAng, Joy, _eillustrator. |
|
| 942 |
_2lcc _cBK _n0 |
||
| 999 |
_c5296 _d5296 |
||